000 00388pab a2200145 454500
008 180718b1986 xxu||||| |||| 00| 0 eng d
100 _aSuchorzewski, Wojciech
245 _aTransport investment in Third World
260 _c1986
300 _a11-13
362 _aMay
650 _aTransportataion - Underdeveloped - Areas
773 _aJournal of Transport Management
909 _a19624
999 _c19624
_d19624